000 00574nam a2200181 a 4500
001 000020922
005 20200930011204.0
008 100824s1978 dr a 000 0 spa d
040 _aDO-SdBNP
_bspa
_cBNPHU
082 _axxx
_bC352h
100 1 _aCastillo, Luciano
_937355
245 1 0 _aHistoria de la civilización /
_cLuciano Castillo, Rafael Nuñez.
260 _aSanto Domingo :
_bImpresmundo,
_c1978.
300 _a458 p. :
_bil. ;
_c25 cm.
500 _aIncluye datos biográficos de los autores en la contraportada
700 1 _aNuñez, Rafael
_91366
049 _aBNPD
999 _c20425
_d20425